00000000nam##2200000za#4500
0019.516672
003CaOODSP
00520200327031544
007ta
008150406|1990||||xxc|||||     f|0| 0 eng|d
020 |a0-660-56250-2|z0-662-57446-X
022 |a0706-148X
040 |aCaOODSP|beng
041 |aeng
041 |afre
043 |an-cn---
0861 |aS52-2/197
1101 |aCanada.|bSecretary of State of Canada. |bTranslation Bureau.
24510|aVocabulary of agriculture / |cby Pierre Dermine and Line Paradis.
260 |aOttawa - Ontario : |bSecretary of State of Canada. |c1990.
300 |a1213p. : |c22 cm.
4901 |aTerminology bulletin|x0706-148X|v197
504 |aBibliography.
5203 |aMore than 9,000 entries reflect the evolution and complexity of agricultural terminology, which encompasses a wide range of fields, including soil science and veterinary medicine, biotechnology and genetic engineering, animal science and agrometeorology, food science and agricultural engineering. Terminology Bulletin 197.
546 |aBilingual. Bilingual
563 |aSoftcover
590 |a91-02|b1991-01-11
69007|aAgriculture|2gcpds
69007|aTerminology|2gcpds
7201 |aParadis, Line
7201 |aDermine, Pierre
7760#|tVocabulaire de l'agriculture / |w(CaOODSP)9.590496
792 |tVocabulaire de l'agriculture / |efre|w(CaOODSP)9.516673
830#0|aTerminology bulletin,|x0706-148X|v197|w(CaOODSP)9.509598